Английский язык: Вводно-фонетический курс для студентов, начинающих изучение языка в техническом вузе

Detaylı Bibliyografya
Yazar: Курашвили Е. И. Екатерина Ивановна
Diğer Yazarlar: Михалкова Е. С. Елена Семеновна
Dil:Rusça
İngilizce
Baskı/Yayın Bilgisi: Москва, Высшая школа, 1982
Seri Bilgileri:Высшее образование
Konular:
Materyal Türü: Kitap
KOHA link:https://koha.lib.tpu.ru/cgi-bin/koha/opac-detail.pl?biblionumber=21520

MARC

LEADER 00000nam0a2200000 4500
001 21520
005 20231101205432.0
035 |a (RuTPU)RU\TPU\book\21722 
035 |a BOOK00021793 
090 |a 21520 
100 |a 20011209d1982 m y0rusy50 ca 
101 0 |a rus  |a eng 
102 |a RU 
105 |a a j 000zy 
200 1 |a Английский язык  |e Вводно-фонетический курс для студентов, начинающих изучение языка в техническом вузе  |f Е. И. Курашвили, Е. С. Михалкова 
210 |a Москва  |c Высшая школа  |d 1982 
215 |a 183 с.  |c ил. 
225 1 |a Высшее образование 
606 |a Английский язык  |x Учебные руководства и пособия для высшей школы  |x Пособия по фонетике  |2 stltpush  |3 (RuTPU)RU\TPU\subj\29072  |9 52484 
610 1 |a учебные пособия 
610 1 |a фонетика 
610 1 |a звуки 
610 1 |a грамматика 
686 |a Ш143.21-923.1  |v LBC/SL-A  |2 rubbk 
700 1 |a Курашвили  |b Е. И.  |g Екатерина Ивановна 
701 1 |a Михалкова  |b Е. С.  |g Елена Семеновна 
801 0 |a RU  |b 63413507  |c 20011209  |g PSBO 
801 2 |a RU  |b 63413507  |c 20200602  |g PSBO 
942 |c BK